000 00729nac a22002051u 4500
010 _a00034880
020 _a0070447055
020 _a0070447055
082 0 0 _a621.3822
_bM6843
090 _c909
_d909
100 _aMitra, Sanjit Kumar.
245 1 0 _aDigital signal processing :
_ba computer-based approach /
_cSanjit K. Mitra.
250 _a2nd ed.
260 _aNew Delhi :
_bTata McGraw-Hill,
_c2001.
300 _axviii, 866 p. :
_bill. ;
_c24 cm.
500 _aIncludes index.
650 0 _aSignal processing
_xDigital techniques
_xData processing.
942 _cBB
_k621.3822M6843
999 _c909
_d909